000 00316nam a22001337a 4500
008 170717b xxu||||| |||| 00| 0 eng d
020 _a0827603185
041 _aeng
080 _a2
100 _a24
101 _aTEO
245 _aJPS THE AMERICANIZATION OF JEWISH CULTURE 1888-1988
_cSARNA, J.D
942 _2udc
_cBK
999 _c21405
_d21405